00624cam a22002291 4500001001300000003000400013005001700017008004100034010001700075035002000092040001800112042001200130050002000142100003100162245004500193260001100238300002400249500001400273504003100287504004500318600003100363sa 68003123 DLC20260227112450.0890920s1967 ii b 000 0 hin  asa 68003123  a(OCoLC)20374736 aDLCcWaUdDLC apremarc00aPK2095.S8bZ8371 aRawat, Chandrabhan,d1925-10aSūra-sāhitya : nava mūlyṅ̄kana. c[1967] a506, [1] p.c22 cm. aIn Hindi. aBibliographical footnotes. aList of additional references : p. [507]00aSūradāsa,d1483?-1563?